Le commerce exterieur de l'Egypte /

محفوظ في:

المؤلف الرئيسي: Kabil, Ibrāhīm Husain. (مؤلف)

التنسيق: كتاب

اللغة: Spanish

منشور في: Paris : Pedone, 1935.

الموضوعات:

الوسوم: إضافة وسم

لا توجد وسوم, كن أول من يضع وسما على هذه التسجيلة!

رقم الطلب: HF263 .K24

LEADER 00705nam a22002297a 4500
003 OSt
005 20250825084725.0
008 250303s1935 fr g 000 0 spa d
040 |c ARCE Library 
043 |a f-ua--- 
050 1 4 |a HF263   |b .K24  
100 1 |6 880-01  |a Kabil, Ibrāhīm Husain.  |e author  |9 33470 
245 1 3 |a Le commerce exterieur de l'Egypte /   |c par Ibrahim Hussein Kabil ... 
264 1 |a Paris :   |b Pedone,   |c 1935. 
300 |a 142 pages ;   |c 26 cm. 
500 |a Thesis note: Thesis, Paris, 1934. 
504 |a Bibliography: p. [137]-140. 
651 0 |a Egypt  |x Commerce. 
880 1 |6 100-01/(3/r  |a قابيل، إبراهيم حسين 
901 |a reviewed 
942 |c BK  |2 lcc 
999 |c 14240  |d 14240